|
|
|
|
| LEADER |
00000nam a2200000 a 4500 |
| 001 |
UCS9487 |
| 003 |
CL-VaPUC |
| 008 |
971121e19670000SP |||||||||||||||||spa|d |
| 082 |
0 |
4 |
|a 636.4
|b CAR
|2 21
|
| 100 |
0 |
|
|a Carroll, W. E
|e author
|9 394590
|
| 700 |
0 |
|
|a Krider, J. L
|e author
|9 394591
|
| 700 |
0 |
|
|a Andrews, F. N
|e author
|9 394592
|
| 245 |
1 |
0 |
|a Explotación del cerdo
|
| 300 |
|
|
|a 475 p
|
| 942 |
|
|
|c BK
|
| 945 |
|
|
|d 19971121 00:00:00
|a jquezada
|
| 260 |
|
|
|a Zaragoza
|b Acribia
|c 1967
|
| 650 |
|
7 |
|a CERDO
|2 CL-VaPUC
|9 394593
|
| 650 |
|
0 |
|a Producción
|9 263680
|
| 650 |
|
7 |
|a PORCINOS
|2 CL-VaPUC
|9 394594
|
| 650 |
|
7 |
|a COSTE
|2 CL-VaPUC
|9 394595
|
| 650 |
|
0 |
|a Empresa
|9 350507
|
| 650 |
|
0 |
|a Alimentación animal
|9 393779
|
| 650 |
|
0 |
|a Productos lácteos
|9 259521
|
| 650 |
|
7 |
|a FORRAJERAS
|2 CL-VaPUC
|9 394505
|
| 583 |
|
|
|a last modification
|c 19971121 00:00:00
|k Rodrigo Vera
|
| 999 |
|
|
|c 263286
|d 263284
|